000
00319nam a22001337a 4500
008
170329b xxu||||| |||| 00| 0 eng d
020
_a
9780763744144
041
_a
eng
080
_2
4 ED
_a
616-053.2
100
_a
8
101
_a
SHM
245
_a
THE PEDIATRIC EMERGENCY MEDICINE RESOURCE
_c
HILL.G.M
942
_2
udc
_c
BK
999
_c
8927
_d
8927